Statistics for New Orleans Pelicans Playoffs Starters

Click here to take the quiz!

General Stats

  • This quiz has been taken 139 times
    (12 since last reset)
  • The average score is 13 of 31

Answer Stats

Player% Correct
Anthony Davis
100%
Baron Davis
100%
Brandon Ingram
100%
Chris Paul
100%
CJ McCollum
83%
Herbert Jones
83%
Jonas Valančiūnas
83%
David West
75%
Jrue Holiday
67%
Tyson Chandler
58%
Jamal Mashburn
50%
Rajon Rondo
50%
Trey Murphy III
50%
Emeka Okafor
42%
Eric Gordon
42%
Peja Stojaković
42%
P.J. Brown
42%
E'Twaun Moore
25%
Ömer Aşık
25%
Trevor Ariza
25%
Tyreke Evans
25%
David Wesley
17%
Jamaal Magloire
17%
Jaxson Hayes
17%
Marco Belinelli
8%
Nikola Mirotić
8%
Quincy Pondexter
8%
Carl Landry
0%
George Lynch
0%
Morris Peterson
0%
Rasual Butler
0%

Score Distribution

Percentile by Number Answered

Percent of People with Each Score

Your Score History

You have not taken this quiz since the last reset